| 000 | 00714cam a2200229 a 4500 | ||
|---|---|---|---|
| 001 | 000009191 | ||
| 005 | 20200929161520.0 | ||
| 008 | 831025s1970 ve 001 f spa | ||
| 040 |
_aDO-SdBNP _bspa _cTxNacS _dBNPHU _dDLC |
||
| 082 |
_aVe863.42 _bO87c, 1970 |
||
| 100 | 1 |
_aOtero Silva, Miguel, _d1908-1985 _923057 |
|
| 245 | 1 | 0 |
_aCuando quiero llorar no lloro : _bnovela / _cMiguel Otero Silva. |
| 250 | _a2a ed. rev. | ||
| 260 |
_aCaracas, (Venezuela) : _bTiempo Nuevo, _c1970. |
||
| 300 |
_a185 p. ; _c20 cm. |
||
| 490 | 1 | _aAncho mundo | |
| 650 | 4 |
_aNovela venezolana _93962 |
|
| 650 | 4 |
_aLiteratura venezolana _93816 |
|
| 830 | 0 |
_aAncho mundo. _923868 |
|
| 910 | _aCatalogación por copia / LC | ||
| 049 | _aBNGR | ||
| 999 |
_c8954 _d8954 |
||